000 00612nam a2200217 i 4500
001 C2-0281190
003 PPAK
005 20180728011844.0
008 070806s1985 my |||| ||||| | may d
040 _aPPAK
_beng
_cPPAK
_erda
082 0 4 _a899.23
_223
090 0 0 _a899.23
_bMES
_dKSS
245 0 0 _aGAPENA-Mesyuarat Agung Kuala Terengganu
_bPenyata mesyuarat Agung kali ke XIV
264 1 _aTerengganu :
_bGAPENA ,
_c1985
300 _a99 pages ;
_c30 cm
336 _2rdacontent
_atext
337 _2rdamedia
_aunmediated
338 _2rdacarrier
_avolume
650 1 0 _aCorporate meetings
942 _ddc
_cB
999 _c87565
_d87565